000 00326nam a2200133 i 4500
001 bg
100 1 _aOLSZEWSKI, Jan
245 0 _aMaszynoznawstwo ogólne dla akademii rolniczych /
_cJan Olszewski.
260 _aWarszawa,
_c1979.
040 _cBPK
041 _apol
942 _cKS
008 s pl f |000 0 pol
999 _c1394
_d1394
856 _uhttp://koha.tu.koszalin.pl/cgi-bin/koha/opac-detail.pl?biblionumber=1394
_yKatalog online BPK